[Event "Morava-ch U16"]
[Site "Loucna nad Desnou"]
[Date "2017.10.29"]
[Round "9"]
[White "Ivanov, Mikhail6666"]
[Black "Dejmal, Ondrej"]
[Result "0-1"]
[WhiteElo "1263"]
[BlackElo "1670"]
[PlyCount "90"]
[EventDate "2017.10.24"]
[EventType "swiss"]
[EventRounds "9"]
[EventCountry "CZE"]
[SourceTitle "EXT 2020"]
[Source "ChessBase"]
[SourceDate "2019.10.17"]
[SourceVersion "1"]
[SourceVersionDate "2019.10.17"]
[SourceQuality "1"]

1. e4 e5 2. Nf3 Nc6 3. Bb5 a6 4. Ba4 Nf6 5. 0-0 b5 6. Bb3 Be7 7. Re1 0-0 8. Nc3 d6 9. Nd5 Na5 10. Nxe7+ Qxe7 11. d3 Nxb3 12. axb3 c5 13. Bg5 h6 14. Bxf6 Qxf6 15. Qd2 g5 16. Re3 Qd8 17. b4 Qc7 18. h4 f6 19. Ra5 Be6 20. Qc3 Rfc8 21. Qa3 Qb6 22. bxc5 Qxc5 23. d4 exd4 24. Qxc5 dxc5 25. Rea3 b4 26. Ra1 Rc6 27. b3 Kf7 28. hxg5 hxg5 29. Kf1 Bg4 30. Ne1 Rh8 31. f3 Bc8 32. Kg1 Ke6 33. Nd3 Kd6 34. Nb2 Rh7 35. Kf2 Rf7 36. g4 Rh7 37. Kg3 Kc7 38. Nd3 Kd6 39. f4 gxf4+ 40. Nxf4 Rg7 41. Kf3 Rxg4 42. Rxa6 Rxf4+ 43. Kxf4 Rxa6 44. Rxa6+ Bxa6 45. Kf5 Bb7 0-1

[Event "Morava-ch U16"]
[Site "Loucna nad Desnou"]
[Date "2017.10.26"]
[Round "5"]
[White "Targosz, Jiri"]
[Black "Dejmal, Ondrej"]
[Result "1-0"]
[WhiteElo "1427"]
[BlackElo "1670"]
[PlyCount "65"]
[EventDate "2017.10.24"]
[EventType "swiss"]
[EventRounds "9"]
[EventCountry "CZE"]
[SourceTitle "EXT 2020"]
[Source "ChessBase"]
[SourceDate "2019.10.17"]
[SourceVersion "1"]
[SourceVersionDate "2019.10.17"]
[SourceQuality "1"]

1. e4 e5 2. d4 exd4 3. c3 dxc3 4. Bc4 d6 5. Nxc3 Nc6 6. Nf3 Be7 7. Qb3 Na5 8. Bxf7+ Kf8 9. Qa4 Kxf7 10. Qxa5 c6 11. Qxd8 Bxd8 12. Bf4 Be7 13. 0-0-0 Bg4 14. Bxd6 Bxf3 15. gxf3 Rd8 16. Bxe7 Nxe7 17. Rxd8 Rxd8 18. Rd1 Rxd1+ 19. Kxd1 g5 20. Ke2 Ke6 21. Ke3 Ke5 22. Ne2 Ng6 23. Nc1 Nf4 24. Nd3+ Nxd3 25. Kxd3 b5 26. b4 h5 27. h3 a6 28. a3 Kf4 29. Kd4 Kxf3 30. e5 Kxf2 31. e6 g4 32. hxg4 hxg4 33. e7 1-0

[Event "EU Union-ch U14"]
[Site "Kouty nad Desnou"]
[Date "2016.08.09"]
[Round "4"]
[White "Ravlusevic, Evelina"]
[Black "Dejmal, Ondrej"]
[Result "1-0"]
[WhiteElo "1471"]
[BlackElo "1600"]
[PlyCount "51"]
[EventDate "2016.08.06"]
[EventType "swiss"]
[EventRounds "9"]
[EventCountry "CZE"]
[SourceTitle "CBM 174 Extra"]
[Source "ChessBase"]
[SourceDate "2016.10.10"]
[SourceVersion "1"]
[SourceVersionDate "2016.10.10"]
[SourceQuality "1"]

1. d4 Nf6 2. Nf3 e6 3. c4 Bb4+ 4. Bd2 Bxd2+ 5. Nbxd2 0-0 6. e3 b6 7. Bd3 Bb7 8. 0-0 d5 9. Qc2 Nbd7 10. cxd5 Nxd5 11. Bxh7+ Kh8 12. Bd3 Nb4 13. Qb3 Nxd3 14. Qxd3 c5 15. Ne4 Nf6 16. Nxf6 Qxf6 17. Ne5 cxd4 18. exd4 Rfd8 19. Qh3+ Kg8 20. Rfd1 Rac8 21. Qe3 Rc2 22. b3 Qf5 23. Nd3 Rdc8 24. Qe5 Qxd3 25. Rxd3 Rc1+ 26. Rd1 1-0

[Event "EU Union-ch U14"]
[Site "Kouty nad Desnou"]
[Date "2016.08.07"]
[Round "2"]
[White "Nesterov, Viktor"]
[Black "Dejmal, Ondrej"]
[Result "0-1"]
[WhiteElo "1392"]
[BlackElo "1600"]
[PlyCount "32"]
[EventDate "2016.08.06"]
[EventType "swiss"]
[EventRounds "9"]
[EventCountry "CZE"]
[SourceTitle "CBM 174 Extra"]
[Source "ChessBase"]
[SourceDate "2016.10.10"]
[SourceVersion "1"]
[SourceVersionDate "2016.10.10"]
[SourceQuality "1"]

1. e4 e5 2. Nf3 Nc6 3. Bc4 Bc5 4. d3 d6 5. 0-0 Bg4 6. h3 Bh5 7. c3 Nf6 8. Bg5 h6 9. Bh4 g5 10. Bg3 Qd7 11. h4 Rg8 12. Nbd2 Qg4 13. Qe1 gxh4 14. Nxh4 Qxg3 15. a4 Qxh4 16. g3 Rxg3# 0-1

[Event "EU Union-ch U14"]
[Site "Kouty nad Desnou"]
[Date "2015.08.25"]
[Round "7"]
[White "Ferkova, Dominika"]
[Black "Dejmal, Ondrej"]
[Result "1-0"]
[WhiteElo "1874"]
[BlackElo "1534"]
[PlyCount "79"]
[EventDate "2015.08.19"]
[EventType "swiss"]
[EventRounds "9"]
[EventCountry "CZE"]
[SourceTitle "EXT 2016"]
[Source "ChessBase"]
[SourceDate "2015.10.08"]
[SourceVersion "1"]
[SourceVersionDate "2015.10.08"]
[SourceQuality "1"]

1. d4 d5 2. c4 e6 3. Nc3 Nf6 4. Nf3 Be7 5. cxd5 exd5 6. g3 0-0 7. Bg2 Nbd7 8. 0-0 c6 9. Bg5 Re8 10. Rb1 h6 11. Bf4 Nf8 12. Qc2 Ng6 13. Bd2 Bg4 14. b4 a6 15. a4 Qd7 16. Qb3 Ne4 17. Be3 f5 18. Rfe1 Kh8 19. Ne5 Nxe5 20. dxe5 Qc7 21. f3 Nxc3 22. Qxc3 Bh5 23. f4 g5 24. Bxd5 Red8 25. Bf3 Bxf3 26. exf3 Rd5 27. Red1 Rad8 28. Rxd5 Rxd5 29. b5 axb5 30. Rxb5 Rxb5 31. axb5 c5 32. e6+ Kg8 33. Qc2 Qd6 34. Qxf5 Qd1+ 35. Kg2 Qe2+ 36. Bf2 Bd6 37. Qg6+ Kh8 38. Qxh6+ Kg8 39. Qg6+ Kh8 40. Qe8+ 1-0

[Event "EU Union-ch U14"]
[Site "Kouty nad Desnou"]
[Date "2015.08.22"]
[Round "4"]
[White "Bango, Dominik"]
[Black "Dejmal, Ondrej"]
[Result "1/2-1/2"]
[WhiteElo "1741"]
[BlackElo "1534"]
[PlyCount "140"]
[EventDate "2015.08.19"]
[EventType "swiss"]
[EventRounds "9"]
[EventCountry "CZE"]
[SourceTitle "EXT 2016"]
[Source "ChessBase"]
[SourceDate "2015.10.08"]
[SourceVersion "1"]
[SourceVersionDate "2015.10.08"]
[SourceQuality "1"]

1. e4 e5 2. Nf3 Nc6 3. Bb5 a6 4. Ba4 Nf6 5. d3 b5 6. Bb3 Be7 7. 0-0 d6 8. a4 Bg4 9. c3 0-0 10. h3 Bh5 11. Re1 Na5 12. Bc2 c5 13. Nbd2 Qc7 14. Nf1 Rac8 15. Ng3 Bg6 16. axb5 axb5 17. Be3 Nb7 18. Nh4 Kh8 19. Qd2 d5 20. Nxg6+ fxg6 21. exd5 Nxd5 22. Bg5 Nf4 23. Bxe7 Qxe7 24. Qe3 Rce8 25. d4 Nd6 26. Qxe5 Qxe5 27. dxe5 Nc4 28. b3 Nxe5 29. Ra5 Nfd3 30. Bxd3 Nxd3 31. Rxe8 Rxe8 32. Rxb5 Kg8 33. f3 Re1+ 34. Kh2 Rc1 35. Ne4 Kf7 36. Nxc5 Rxc3 37. Rb7+ Kg8 38. Ne6 Ne5 39. Rxg7+ Kh8 40. Rc7 Rxc7 41. Nxc7 Kg7 42. Kg3 Kf7 43. Kf4 Nd3+ 44. Ke4 Nc5+ 45. Kf4 Nxb3 46. Kg5 Kg7 47. Ne8+ Kf7 48. Nd6+ Kg7 49. Kg4 Nd4 50. Ne4 Ne6 51. h4 h6 52. f4 Kf7 53. g3 h5+ 54. Kh3 Nd4 55. Kg2 Ke6 56. Ng5+ Kf5 57. Nf3 Ne6 58. Kh3 Nc5 59. Ne5 Ne6 60. Nd7 Nd4 61. Nc5 Nc6 62. Nd7 Nd4 63. Kg2 Ne6 64. Kf3 Nd4+ 65. Ke3 Ne6 66. Ne5 Nc5 67. Kf2 Ne6 68. Nc6 Nc5 69. Kf3 Ne6 70. Ke3 Nc5 1/2-1/2

[Event "EU Union-ch U14"]
[Site "Kouty nad Desnou"]
[Date "2015.08.19"]
[Round "1"]
[White "Vuckovic, Zarko"]
[Black "Dejmal, Ondrej"]
[Result "1-0"]
[WhiteElo "1850"]
[BlackElo "1534"]
[PlyCount "45"]
[EventDate "2015.08.19"]
[EventType "swiss"]
[EventRounds "9"]
[EventCountry "CZE"]
[SourceTitle "EXT 2016"]
[Source "ChessBase"]
[SourceDate "2015.10.08"]
[SourceVersion "1"]
[SourceVersionDate "2015.10.08"]
[SourceQuality "1"]

1. e4 e5 2. Nf3 Nc6 3. d4 exd4 4. Bc4 Nf6 5. e5 d5 6. Bb5 Ne4 7. Nxd4 Bd7 8. Bxc6 bxc6 9. 0-0 Bc5 10. f3 Ng5 11. f4 Ne4 12. c3 Qe7 13. Nd2 Bf5 14. Kh1 Bxd4 15. cxd4 Qh4 16. Nxe4 Bxe4 17. b3 h6 18. Kg1 Kd7 19. Be3 Qe7 20. Qg4+ Qe6 21. f5 Qe8 22. f6+ Qe6 23. Qxe6+ 1-0

[Event "CZE-ch U14"]
[Site "Kouty nad Desnou"]
[Date "2015.03.12"]
[Round "7"]
[White "Filip, Tomas"]
[Black "Dejmal, Ondrej"]
[Result "1-0"]
[WhiteElo "1710"]
[BlackElo "1481"]
[PlyCount "109"]
[EventDate "2015.03.07"]
[EventType "swiss"]
[EventRounds "9"]
[EventCountry "CZE"]
[SourceTitle "EXT 2017"]
[Source "ChessBase"]
[SourceDate "2016.10.25"]
[SourceVersion "1"]
[SourceVersionDate "2016.10.25"]
[SourceQuality "1"]

1. e4 e5 2. Nf3 Nc6 3. Bb5 a6 4. Ba4 Nf6 5. d3 Be7 6. Bxc6 bxc6 7. Nxe5 0-0 8. 0-0 Re8 9. Nf3 d5 10. e5 Nd7 11. d4 c5 12. c3 cxd4 13. cxd4 c5 14. Nc3 Nb6 15. Be3 cxd4 16. Bxd4 Be6 17. Bxb6 Qxb6 18. Nxd5 Qxb2 19. Nxe7+ Rxe7 20. a3 Bg4 21. Qd6 Re6 22. Qd5 Rae8 23. Rfb1 Qe2 24. Rb3 Bxf3 25. Rxf3 Qxe5 26. Qxe5 Rxe5 27. Kf1 Rc8 28. Rd1 Kf8 29. Rfd3 Ke7 30. Rd7+ Kf6 31. R7d6+ Re6 32. g3 Rc3 33. R1d3 Rc1+ 34. Kg2 Rc6 35. Rd7 Rc5 36. Rf3+ Rf5 37. Rxf5+ Kxf5 38. Rxf7+ Kg6 39. Ra7 Rd6 40. g4 Kf6 41. f3 h6 42. h4 g5 43. hxg5+ hxg5 44. Kf2 Rb6 45. a4 Rb2+ 46. Kg3 Rb6 47. a5 Rc6 48. Kf2 Re6 49. Rb7 Ke5 50. Kg3 Re8 51. Rb6 Ra8 52. Rg6 Kd5 53. Rxg5+ Kc4 54. Re5 Rd8 55. g5 1-0

[Event "CZE-ch U14"]
[Site "Kouty nad Desnou"]
[Date "2015.03.11"]
[Round "6"]
[White "Dejmal, Ondrej"]
[Black "Nehyba, Martin"]
[Result "1-0"]
[WhiteElo "1481"]
[BlackElo "1711"]
[PlyCount "49"]
[EventDate "2015.03.07"]
[EventType "swiss"]
[EventRounds "9"]
[EventCountry "CZE"]
[SourceTitle "EXT 2017"]
[Source "ChessBase"]
[SourceDate "2016.10.25"]
[SourceVersion "1"]
[SourceVersionDate "2016.10.25"]
[SourceQuality "1"]

1. e4 c5 2. Nf3 d6 3. d4 cxd4 4. Nxd4 Nf6 5. Nc3 Nc6 6. Be3 e6 7. Bc4 Be7 8. Qd2 0-0 9. 0-0-0 a6 10. f3 Qc7 11. Bb3 Bd7 12. g4 Rfc8 13. h4 Na5 14. h5 Nxb3+ 15. axb3 Bf8 16. Rdg1 Be8 17. g5 Nd7 18. g6 e5 19. gxh7+ Kh8 20. Nf5 Nc5 21. Nxg7 Bxg7 22. Bh6 Ne6 23. Bxg7+ Nxg7 24. Rxg7 Bc6 25. Rhg1 1-0

[Event "CZE-ch U14"]
[Site "Kouty nad Desnou"]
[Date "2015.03.07"]
[Round "1"]
[White "Skalsky, Alexandr"]
[Black "Dejmal, Ondrej"]
[Result "1-0"]
[WhiteElo "1741"]
[BlackElo "1481"]
[PlyCount "53"]
[EventDate "2015.03.07"]
[EventType "swiss"]
[EventRounds "9"]
[EventCountry "CZE"]
[SourceTitle "EXT 2017"]
[Source "ChessBase"]
[SourceDate "2016.10.25"]
[SourceVersion "1"]
[SourceVersionDate "2016.10.25"]
[SourceQuality "1"]

1. e4 e5 2. Nf3 Nc6 3. Bc4 Bc5 4. c3 Nf6 5. d4 exd4 6. e5 d5 7. Bb5 Nd7 8. cxd4 Bb4+ 9. Nc3 Ne7 10. e6 fxe6 11. Ng5 c6 12. Nxe6 Qa5 13. Be2 Nf6 14. Nxg7+ Kf8 15. Nh5 Nxh5 16. Bxh5 Bxc3+ 17. bxc3 Qxc3+ 18. Bd2 Qa3 19. Bh6+ Kg8 20. Qd2 Ng6 21. 0-0 Qd6 22. f4 Qf6 23. f5 Ne7 24. Rae1 Qh4 25. f6 Qxh5 26. f7+ Qxf7 27. Qg5+ 1-0